Sports Quiz

Random Sports or NBA Quiz

Top 20 LeBron Assists Quiz Stats

 Plays Quiz not verified by Sporcle

Score 0/20 Timer 10:00
0 Plays Today
Assists to LeBron Player % Correct
337Dwyane Wade
98.4%
110Kyrie Irving
93.9%
120Chris Bosh
93.4%
119Kevin Love
84.3%
271Mario Chalmers
77.6%
228Mo Williams
76.4%
62J.R. Smith
73.2%
180Zydrunas Ilgauskas
57.8%
48Ray Allen
52.2%
81Damon Jones
51.9%
Assists to LeBron Player % Correct
97Anderson Varejao
49.7%
99Norris Cole
44.9%
102Matthew Dellavedova
35.5%
119Larry Hughes
33.5%
128Delonte West
30.9%
69Daniel Gibson
29.8%
292Eric Snow
28.7%
102Drew Gooden
20.6%
60Sasha Pavlovic
10.1%
183Jeff McInnis
4.6%

You're not logged in!

Compare scores with friends on all Sporcle quizzes.
OR
Log In

Sporcle TV

Today on Sporcle TV


Watch our educational content, quiz creation guides, and fun videos on Sporcle TV.

Show Comments

Extras

Top Quizzes Today


Score Distribution

Your Account Isn't Verified!

In order to create a playlist on Sporcle, you need to verify the email address you used during registration. Go to your Sporcle Settings to finish the process.

Report this User

Report this user for behavior that violates our Community Guidelines.

Details: